[Event "SVK-chT2C 1920"]
[Site "Slovakia"]
[Date "2019.12.15"]
[Round "6.2"]
[White "Medvec, Miroslav"]
[Black "Panis, Radim"]
[Result "1-0"]
[WhiteElo "2031"]
[BlackElo "2043"]
[PlyCount "43"]
[EventDate "2019.10.26"]
[EventType "team-tourn"]
[EventRounds "11"]
[EventCountry "SVK"]
[SourceTitle "CBM 194 Extra"]
[Source "ChessBase"]
[SourceDate "2020.03.31"]
[SourceVersion "1"]
[SourceVersionDate "2020.03.31"]
[SourceQuality "1"]
[WhiteTeam "Liptov Chess School III"]
[BlackTeam "Banska Bystrica Veza"]
[WhiteTeamCountry "SVK"]
[BlackTeamCountry "SVK"]

1. e4 c5 2. Nf3 e6 3. d4 cxd4 4. Nxd4 a6 5. Nc3 Qc7 6. Bd3 Nf6 7. 0-0 Bc5 8. Nb3 Be7 9. Bg5 0-0 10. Re1 d6 11. Qe2 b5 12. e5 Nd5 13. Nxd5 exd5 14. exd6 Bxd6 15. Qh5 g6 16. Qh4 Nc6 17. Bf6 h5 18. g3 Ne5 19. Re3 Bg4 20. Qg5 Rfe8 21. Qh6 Bf8 22. Qh8# 1-0

[Event "CZE-chT1E 1718"]
[Site "Czech Republic"]
[Date "2017.12.10"]
[Round "4.5"]
[White "Gibiec, Ernest"]
[Black "Panis, Radim"]
[Result "0-1"]
[WhiteElo "2153"]
[BlackElo "2073"]
[PlyCount "86"]
[EventDate "2017.10.22"]
[EventType "team-tourn"]
[EventRounds "11"]
[EventCountry "CZE"]
[SourceTitle "EXT 2019"]
[Source "ChessBase"]
[SourceDate "2018.10.10"]
[SourceVersion "1"]
[SourceVersionDate "2018.10.10"]
[SourceQuality "1"]
[WhiteTeam "Cesky Tesin"]
[BlackTeam "Opava KVS"]
[WhiteTeamCountry "CZE"]
[BlackTeamCountry "CZE"]

1. d4 Nf6 2. c4 e6 3. Nf3 Bb4+ 4. Bd2 c5 5. Bxb4 cxb4 6. Nbd2 0-0 7. g3 b6 8. Bg2 Bb7 9. Qc2 d5 10. Ne5 Nc6 11. Nxc6 Bxc6 12. 0-0 Rc8 13. cxd5 Bxd5 14. Qd3 Bxg2 15. Kxg2 Qd7 16. Rfd1 Rc7 17. a3 bxa3 18. Rxa3 Rfc8 19. Rda1 a5 20. e4 Rc2 21. Rb3 Qc6 22. Kg1 h6 23. Raa3 Rc1+ 24. Kg2 Qc2 25. Rc3 Qxd3 26. Rxd3 R8c2 27. Rac3 b5 28. Kf3 b4 29. Rxc2 Rxc2 30. b3 Kf8 31. h3 Ke7 32. Ke3 Nd7 33. f4 Nb6 34. g4 f6 35. h4 f5 36. d5 fxe4 37. d6+ Kd7 38. Nxe4 Nd5+ 39. Kf3 Rc1 40. f5 exf5 41. gxf5 Rf1+ 42. Kg3 Rxf5 43. Rd2 Nc3 0-1

[Event "SVK-chT2C 1718"]
[Site "Slovakia"]
[Date "2017.10.29"]
[Round "2.2"]
[White "Zvarik, Martin"]
[Black "Panis, Radim"]
[Result "1-0"]
[WhiteElo "2254"]
[BlackElo "2069"]
[PlyCount "49"]
[EventDate "2017.10.28"]
[EventType "team-tourn"]
[EventRounds "11"]
[EventCountry "SVK"]
[SourceTitle "CBM 181 Extra"]
[Source "ChessBase"]
[SourceDate "2017.12.12"]
[SourceVersion "1"]
[SourceVersionDate "2017.12.12"]
[SourceQuality "1"]
[WhiteTeam "Zilina Mladost II"]
[BlackTeam "Banska Bystrica Veza"]
[WhiteTeamCountry "SVK"]
[BlackTeamCountry "SVK"]

1. d4 Nf6 2. Bg5 e6 3. e4 h6 4. Bxf6 Qxf6 5. c3 e5 6. dxe5 Qxe5 7. Bd3 Bc5 8. Ne2 0-0 9. Nd2 d6 10. 0-0 a6 11. Kh1 Nc6 12. f4 Qe7 13. Ng3 Qh4 14. Qe1 Bd7 15. b4 Ba7 16. a4 Qe7 17. Qe2 f5 18. Rae1 fxe4 19. Bxe4 Qh4 20. Bc2 Qf6 21. Qd3 Ne7 22. Rxe7 Qxe7 23. Qh7+ Kf7 24. Bg6+ Ke6 25. Re1+ 1-0

[Event "SVK-ch Amateurs"]
[Site "Topolcany"]
[Date "2017.07.23"]
[Round "7"]
[White "Panis, Radim"]
[Black "Svana, Peter"]
[Result "0-1"]
[WhiteElo "2055"]
[BlackElo "2195"]
[PlyCount "132"]
[EventDate "2017.07.20"]
[EventType "swiss"]
[EventRounds "7"]
[EventCountry "SVK"]
[SourceTitle "CBM 179 Extra"]
[Source "ChessBase"]
[SourceDate "2017.08.23"]
[SourceVersion "1"]
[SourceVersionDate "2017.08.23"]
[SourceQuality "1"]

1. e4 c5 2. Nf3 d6 3. d4 cxd4 4. Nxd4 Nf6 5. Nc3 a6 6. Be3 e5 7. Nb3 Be6 8. h3 Nbd7 9. f4 Rc8 10. f5 Bc4 11. Qf3 b5 12. Bd3 b4 13. Nd5 Nxd5 14. exd5 Nf6 15. Bxc4 Rxc4 16. 0-0-0 Be7 17. g4 Ne4 18. Nd2 Nxd2 19. Rxd2 0-0 20. h4 Qc7 21. g5 Rc8 22. Rhh2 Qa5 23. Kb1 Bd8 24. f6 Bb6 25. fxg7 Bxe3 26. Qxe3 Rf4 27. Rd1 Rc5 28. Qh3 Rxd5 29. Qc8+ Kxg7 30. Rc1 Rc5 31. Qa8 Qc7 32. h5 Qc8 33. Qh1 Qc6 34. Qg1 Qe4 35. Rg2 Qd4 36. Qe1 Qe4 37. Qg1 a5 38. g6 fxg6 39. hxg6 hxg6 40. Re1 Qf5 41. Rh2 a4 42. Qh1 Kf6 43. Rd2 Ke6 44. Red1 Rd4 45. Rxd4 Qxc2+ 46. Ka1 exd4 47. Qh3+ Qf5 48. Qh8 d3 49. Qe8+ Kd5 50. Qa8+ Kd4 51. Qxa4 Rc4 52. b3 Rc2 53. Qxb4+ Ke3 54. Qe1+ Re2 55. Qg1+ Ke4 56. Qh1+ Ke5 57. Qh8+ Kd5 58. Qa8+ Kd4 59. Qh8+ Qe5 60. Qxe5+ dxe5 61. Kb1 e4 62. b4 Kc3 63. a3 d2 64. b5 Re1 65. Ka2 Rxd1 66. b6 Rc1 0-1

[Event "Pobeskydy op"]
[Site "Frydek Mistek"]
[Date "2017.04.14"]
[Round "3"]
[White "Panis, Radim"]
[Black "Hrbek, Stepan"]
[Result "1-0"]
[WhiteElo "2079"]
[BlackElo "1903"]
[PlyCount "133"]
[EventDate "2017.04.13"]
[EventType "swiss"]
[EventRounds "9"]
[EventCountry "CZE"]
[SourceTitle "CBM 177 Extra"]
[Source "ChessBase"]
[SourceDate "2017.04.27"]
[SourceVersion "1"]
[SourceVersionDate "2017.04.27"]
[SourceQuality "1"]

1. e4 c5 2. Nf3 d6 3. d4 cxd4 4. Nxd4 Nf6 5. Nc3 g6 6. Be3 Bg7 7. f3 0-0 8. Qd2 Nc6 9. g4 Bxg4 10. fxg4 Nxg4 11. Nxc6 bxc6 12. 0-0-0 Nxe3 13. Qxe3 Qa5 14. Bc4 Qe5 15. Qf3 e6 16. Qg3 Qc5 17. Bb3 Be5 18. Qf3 Rfb8 19. Kb1 a5 20. a4 Qb4 21. Qd3 Ra7 22. Ka2 Rab7 23. h3 Kg7 24. Rhf1 c5 25. Rb1 Rc8 26. Qc4 Qxc4 27. Bxc4 Rb4 28. Ba6 Rcb8 29. Bb5 Bxc3 30. bxc3 Rxe4 31. Bc6 Rxb1 32. Rxb1 Rh4 33. Rb7 Rxh3 34. Ra7 Rxc3 35. Rxa5 Rxc2+ 36. Kb3 Rc1 37. Rb5 d5 38. Kb2 Rc4 39. a5 d4 40. Rb7 d3 41. a6 Rc2+ 42. Kb1 Rc3 43. a7 Ra3 44. Rd7 c4 45. a8Q Rxa8 46. Bxa8 e5 47. Bd5 c3 48. Rxf7+ Kh6 49. Rf3 d2 50. Kc2 Kg5 51. Rxc3 d1Q+ 52. Kxd1 h5 53. Ke2 Kh4 54. Rc4+ Kg3 55. Bf7 h4 56. Bxg6 h3 57. Rc3+ Kg2 58. Be4+ Kg1 59. Kf3 Kh2 60. Rc2+ Kg1 61. Kg3 Kf1 62. Kxh3 Ke1 63. Kg3 Kf1 64. Kf3 Kg1 65. Rb2 Kh1 66. Kg3+ Kg1 67. Rb1# 1-0

[Event "SVK-chT2C 1617"]
[Site "Slovakia"]
[Date "2017.02.12"]
[Round "9.3"]
[White "Balint, Vladimir"]
[Black "Panis, Radim"]
[Result "1/2-1/2"]
[WhiteElo "2042"]
[BlackElo "2062"]
[PlyCount "81"]
[EventDate "2016.10.08"]
[EventType "team-tourn"]
[EventRounds "11"]
[EventCountry "SVK"]
[SourceTitle "EXT 2018"]
[Source "ChessBase"]
[SourceDate "2017.10.13"]
[SourceVersion "1"]
[SourceVersionDate "2017.10.13"]
[SourceQuality "1"]
[WhiteTeam "Martin Medea"]
[BlackTeam "Banska Bystrica Veza"]
[WhiteTeamCountry "SVK"]
[BlackTeamCountry "SVK"]

1. e4 c5 2. Nc3 Nc6 3. f4 g6 4. Nf3 Bg7 5. Bb5 Nd4 6. Nxd4 cxd4 7. Ne2 Qb6 8. Bd3 e6 9. a4 Ne7 10. b3 0-0 11. Ba3 Re8 12. Ng3 Nc6 13. e5 d5 14. h4 Nxe5 15. fxe5 Bxe5 16. Qf3 Qc7 17. Ne2 Bg7 18. h5 g5 19. h6 Be5 20. 0-0 f5 21. Qh5 Qf7 22. Qxg5+ Kh8 23. Bc5 Rg8 24. Qh4 Bf6 25. Qh2 Rg4 26. Rf4 Rg5 27. Raf1 Bd7 28. R1f2 Rag8 29. Rh4 e5 30. Bb5 Be6 31. Nxd4 exd4 32. Bxd4 Bxd4 33. Rxd4 Qf6 34. Rh4 a6 35. Bf1 Rg3 36. d4 R8g6 37. Kh1 Qg5 38. Rff4 Qf6 39. Kg1 Qg5 40. Kf2 Rg8 41. Kg1 1/2-1/2

[Event "SVK-chT2C 1617"]
[Site "Slovakia"]
[Date "2017.01.21"]
[Round "7.2"]
[White "Panis, Radim"]
[Black "Urhegyi, Marton"]
[Result "1-0"]
[WhiteElo "2062"]
[BlackElo "2225"]
[PlyCount "42"]
[EventDate "2016.10.08"]
[EventType "team-tourn"]
[EventRounds "11"]
[EventCountry "SVK"]
[SourceTitle "EXT 2018"]
[Source "ChessBase"]
[SourceDate "2017.10.13"]
[SourceVersion "1"]
[SourceVersionDate "2017.10.13"]
[SourceQuality "1"]
[WhiteTeam "Banska Bystrica Veza"]
[BlackTeam "Cebovce"]
[WhiteTeamCountry "SVK"]
[BlackTeamCountry "SVK"]

1. e4 e6 2. d4 d5 3. Nc3 Bb4 4. Nge2 dxe4 5. a3 Bxc3+ 6. Nxc3 Nc6 7. Bb5 Nge7 8. Nxe4 Qd5 9. Qd3 a6 10. c4 Qf5 11. Ba4 0-0 12. Be3 Rd8 13. Bc2 b6 14. 0-0-0 b5 15. Qe2 h6 16. Ng3 Qf6 17. Nh5 Qh4 18. g3 Nxd4 19. Rxd4 Rxd4 20. Bxd4 Qxd4 21. Qe4 Nf5 1-0

[Event "SVK-chT2C 1112"]
[Site "Slovakia"]
[Date "2012.01.29"]
[Round "9.3"]
[White "Panis, Radim"]
[Black "Zvarikova, Alexandra"]
[Result "1-0"]
[WhiteElo "2034"]
[BlackElo "2037"]
[PlyCount "119"]
[EventDate "2011.10.08"]
[EventType "team-tourn"]
[EventRounds "11"]
[EventCountry "SVK"]
[SourceTitle "EXT 2013"]
[Source "ChessBase"]
[SourceDate "2012.11.22"]
[SourceVersion "1"]
[SourceVersionDate "2012.11.22"]
[SourceQuality "1"]
[WhiteTeam "Banska Bystrica Veza"]
[BlackTeam "Zilina Mladost II"]
[WhiteTeamCountry "SVK"]
[BlackTeamCountry "SVK"]

1. e4 e6 2. Nc3 d5 3. Nf3 Nf6 4. exd5 exd5 5. d4 Bg4 6. Bg5 Be7 7. Qd3 Nc6 8. Ne5 Nxe5 9. dxe5 Ne4 10. Bxe7 Qxe7 11. Nxd5 Qxe5 12. Nxc7+ Qxc7 13. Qxe4+ Qe7 14. Bb5+ Kf8 15. Qxe7+ Kxe7 16. f3 Bf5 17. 0-0-0 Rac8 18. Rhe1+ Kf6 19. Rd6+ Be6 20. b3 Rhd8 21. Rxd8 Rxd8 22. Rd1 Rxd1+ 23. Kxd1 Ke5 24. Kd2 Kd4 25. Bd3 Bd5 26. c3+ Ke5 27. Ke3 b6 28. Be4 Be6 29. f4+ Kd6 30. Kd4 h6 31. c4 f6 32. b4 a5 33. bxa5 bxa5 34. c5+ Kc7 35. Bd5 Bd7 36. Ke4 Bg4 37. Ke3 Bc8 38. Kf3 Bf5 39. Kg3 Kb8 40. Kh4 Bg6 41. g4 Ka7 42. g5 Ka6 43. gxf6 gxf6 44. Bc6 Bf7 45. a3 Ka7 46. Kg4 Bg6 47. Kf3 Kb8 48. Ke3 Kc7 49. Be4 Bf7 50. Kd4 Be6 51. Bd5 Bf5 52. Kc4 Bd7 53. c6 Bxc6 54. Bxc6 Kxc6 55. a4 h5 56. f5 h4 57. h3 Kd6 58. Kb5 Ke5 59. Kxa5 Kxf5 60. Kb6 1-0

[Event "SVK-chT2C 10/11"]
[Site "Slovakia"]
[Date "2011.03.27"]
[Round "11.4"]
[White "Haring, Viktor"]
[Black "Panis, Radim"]
[Result "1/2-1/2"]
[WhiteElo "1893"]
[BlackElo "2042"]
[PlyCount "120"]
[EventDate "2010.10.23"]
[EventType "team-tourn"]
[EventRounds "11"]
[EventCountry "SVK"]
[SourceTitle "EXT 2019"]
[Source "ChessBase"]
[SourceDate "2018.10.10"]
[SourceVersion "1"]
[SourceVersionDate "2018.10.10"]
[SourceQuality "1"]
[WhiteTeam "Banska Bystrica TH Junior "]
[BlackTeam "Banska Bystrica CVC"]
[WhiteTeamCountry "SVK"]
[BlackTeamCountry "SVK"]

1. e4 c5 2. Nf3 e6 3. d4 cxd4 4. Nxd4 a6 5. Nc3 Qc7 6. Bd3 Nc6 7. Nxc6 dxc6 8. a4 e5 9. Be3 Bb4 10. 0-0 Nf6 11. Na2 Bd6 12. f3 0-0 13. c4 Qa5 14. Kh1 Bc5 15. Bd2 Qc7 16. Bb4 Bxb4 17. Nxb4 Qb6 18. Qd2 a5 19. Nc2 Nd7 20. Qc3 f6 21. Rfb1 Rd8 22. Be2 Nc5 23. Qe3 Be6 24. Ne1 Nxa4 25. Qa3 Nc5 26. Qe3 Nd7 27. Qxb6 Nxb6 28. b3 Rd2 29. Bd3 c5 30. Ra3 Nd7 31. Kg1 b6 32. Raa1 Rd8 33. Rd1 Rxd1 34. Rxd1 Nb8 35. Bc2 Rxd1 36. Bxd1 Nc6 37. Kf2 Nd4 38. Ke3 Kf7 39. Kd3 Ke7 40. Kc3 Kd6 41. Nc2 Nxc2 42. Bxc2 Bd7 43. Bd3 Kc6 44. Kb2 b5 45. cxb5+ Kb6 46. Bc4 Bxb5 47. Ka3 Bd7 48. Bd5 f5 49. g3 fxe4 50. Bxe4 Bc6 51. Bxh7 Bxf3 52. Kb2 e4 53. Kc3 e3 54. Bd3 Kc6 55. Bc4 Kd6 56. Kd3 e2 57. Kd2 Ke5 58. Bxe2 Bxe2 59. Kxe2 c4 60. bxc4 Kd4 1/2-1/2

[Event "SVK-chT2C 10/11"]
[Site "Slovakia"]
[Date "2011.02.05"]
[Round "6.1"]
[White "Kucera, Juraj"]
[Black "Panis, Radim"]
[Result "1-0"]
[WhiteElo "2099"]
[BlackElo "2042"]
[PlyCount "115"]
[EventDate "2010.10.23"]
[EventType "team-tourn"]
[EventRounds "11"]
[EventCountry "SVK"]
[SourceTitle "EXT 2019"]
[Source "ChessBase"]
[SourceDate "2018.10.10"]
[SourceVersion "1"]
[SourceVersionDate "2018.10.10"]
[SourceQuality "1"]
[WhiteTeam "Dolny Kubin"]
[BlackTeam "Banska Bystrica CVC"]
[WhiteTeamCountry "SVK"]
[BlackTeamCountry "SVK"]

1. d4 d5 2. Nc3 Bf5 3. Bf4 c6 4. e3 Nf6 5. Bd3 Bg6 6. Nf3 Nh5 7. Bg3 Nd7 8. e4 Nxg3 9. hxg3 dxe4 10. Nxe4 Qb6 11. Qe2 Bxe4 12. Bxe4 Qxb2 13. 0-0 Qb6 14. Rab1 Qc7 15. d5 Nf6 16. dxc6 bxc6 17. Ne5 Nxe4 18. Qxe4 e6 19. Rfd1 Bd6 20. Qxc6+ Qxc6 21. Nxc6 Bc5 22. Rb7 0-0 23. Rdd7 a5 24. Rb5 Bb4 25. a4 Rac8 26. Nxb4 axb4 27. Rd2 Rb8 28. Rd4 Rxb5 29. axb5 b3 30. c3 Rb8 31. Rb4 Kf8 32. c4 Ke7 33. c5 Rc8 34. c6 Kd6 35. Rxb3 Kc5 36. g4 Kb6 37. Kh2 Rd8 38. f3 Rd5 39. Rc3 Rd8 40. Rb3 Rd5 41. Kg3 Rd8 42. Kf4 h6 43. Ke4 Rd5 44. Rc3 Rd8 45. c7 Rc8 46. Ke5 Rxc7 47. Rxc7 Kxc7 48. b6+ Kxb6 49. Kd6 e5 50. Ke7 f6 51. Kf7 h5 52. Kxg7 hxg4 53. Kxf6 gxf3 54. gxf3 Kc6 55. Kxe5 Kd7 56. Kf6 Ke8 57. f4 Kf8 58. f5 1-0

[Event "SVK-chT2C 0809"]
[Site "Slovakia"]
[Date "2009.02.28"]
[Round "10.5"]
[White "Panis, Radim"]
[Black "Bucek, Eduard"]
[Result "1/2-1/2"]
[WhiteElo "1917"]
[BlackElo "2050"]
[PlyCount "43"]
[EventDate "2008.10.11"]
[EventType "team-tourn"]
[EventRounds "11"]
[EventCountry "SVK"]
[SourceTitle "EXT 2010"]
[Source "ChessBase"]
[SourceDate "2010.11.25"]
[SourceVersion "1"]
[SourceVersionDate "2010.11.25"]
[SourceQuality "1"]
[WhiteTeam "Banska Bystrica CVC"]
[BlackTeam "Zilina DMS"]
[WhiteTeamCountry "SVK"]
[BlackTeamCountry "SVK"]

1. e4 g6 2. d4 Bg7 3. Nc3 Nc6 4. Be3 e5 5. Nf3 d6 6. Bb5 Bd7 7. 0-0 Nge7 8. d5 Nb8 9. Be2 0-0 10. Qd2 f5 11. g3 a5 12. Ne1 fxe4 13. Nxe4 Nf5 14. Bg5 Qe8 15. Qc3 Nd4 16. Bd3 Bh3 17. Qxc7 Bxf1 18. Nxd6 Qd7 19. Qxd7 Nxd7 20. Kxf1 Nf6 21. c3 e4 22. Bxf6 1/2-1/2

[Event "SVK-chT2C 0809"]
[Site "Slovakia"]
[Date "2008.11.09"]
[Round "4.4"]
[White "Milcova, Zuzana"]
[Black "Panis, Radim"]
[Result "0-1"]
[WhiteElo "1841"]
[BlackElo "1917"]
[PlyCount "72"]
[EventDate "2008.10.11"]
[EventType "team-tourn"]
[EventRounds "11"]
[EventCountry "SVK"]
[SourceTitle "EXT 2010"]
[Source "ChessBase"]
[SourceDate "2010.11.25"]
[SourceVersion "1"]
[SourceVersionDate "2010.11.25"]
[SourceQuality "1"]
[WhiteTeam "Martin Medea"]
[BlackTeam "Banska Bystrica CVC"]
[WhiteTeamCountry "SVK"]
[BlackTeamCountry "SVK"]

1. e4 c5 2. d4 cxd4 3. c3 dxc3 4. Nxc3 Nc6 5. Nf3 e6 6. Bc4 a6 7. a3 Qc7 8. 0-0 Nge7 9. Qe2 Ng6 10. Rd1 Be7 11. Be3 b5 12. Ba2 0-0 13. Rac1 Qa5 14. Bb1 b4 15. axb4 Nxb4 16. Nd4 Qd8 17. Qh5 d6 18. Nf3 Qe8 19. e5 d5 20. Bg5 Bxg5 21. Nxg5 h6 22. Nf3 Nc6 23. Ne2 Nce7 24. Ned4 Bd7 25. Nh4 Rb8 26. b3 Rb4 27. Rc3 Nxh4 28. Qxh4 Nc6 29. Rg3 Rxd4 30. Rxd4 Nxd4 31. Qxd4 Qe7 32. Qd3 g6 33. h3 Bb5 34. Qe3 Kg7 35. Qd2 Rc8 36. Rc3 Qb4 0-1

[Event "SVK-chT2C 0809"]
[Site "Slovakia"]
[Date "2008.11.08"]
[Round "3.4"]
[White "Kollar, Vladimir"]
[Black "Panis, Radim"]
[Result "1-0"]
[WhiteElo "2075"]
[BlackElo "1917"]
[PlyCount "75"]
[EventDate "2008.10.11"]
[EventType "team-tourn"]
[EventRounds "11"]
[EventCountry "SVK"]
[SourceTitle "EXT 2010"]
[Source "ChessBase"]
[SourceDate "2010.11.25"]
[SourceVersion "1"]
[SourceVersionDate "2010.11.25"]
[SourceQuality "1"]
[WhiteTeam "Zilina Central"]
[BlackTeam "Banska Bystrica CVC"]
[WhiteTeamCountry "SVK"]
[BlackTeamCountry "SVK"]

1. d4 d5 2. Nf3 Nf6 3. c4 c6 4. Nc3 e6 5. e3 Nbd7 6. Bd3 dxc4 7. Bxc4 b5 8. Bd3 b4 9. Ne2 Qc7 10. Bd2 Bb7 11. Rc1 Be7 12. 0-0 0-0 13. Ng3 Rfd8 14. Qe2 a5 15. Rfd1 e5 16. Nf5 Bf8 17. e4 Qb8 18. Nxe5 Nxe5 19. dxe5 Qxe5 20. f4 Qe8 21. e5 Nd5 22. Qe4 g6 23. Ng3 Rd7 24. f5 Re7 25. Re1 Bg7 26. e6 Rd8 27. Bg5 f6 28. Be3 Nxe3 29. Qxe3 Qf8 30. fxg6 hxg6 31. Bxg6 Bh6 32. Qe4 Bxc1 33. Rxc1 Qh6 34. Rf1 c5 35. Bf7+ Kh8 36. Qg4 c4 37. Nf5 Qh7 38. Nxe7 1-0

[Event "SVK-chT2C 0708"]
[Site "Slovakia"]
[Date "2008.02.02"]
[Round "8.3"]
[White "Panis, Radim"]
[Black "Jakubec, Boris"]
[Result "1-0"]
[WhiteElo "2038"]
[BlackElo "1973"]
[PlyCount "83"]
[EventDate "2007.10.06"]
[EventType "team-tourn"]
[EventRounds "11"]
[EventCountry "SVK"]
[SourceTitle "EXT 2010"]
[Source "ChessBase"]
[SourceDate "2010.11.25"]
[SourceVersion "1"]
[SourceVersionDate "2010.11.25"]
[SourceQuality "1"]
[WhiteTeam "Banska Bystrica CVC"]
[BlackTeam "Podbrezova ZP Sport"]
[WhiteTeamCountry "SVK"]
[BlackTeamCountry "SVK"]

1. e4 c5 2. Nf3 d6 3. d4 cxd4 4. Nxd4 Nf6 5. Nc3 a6 6. Be3 e5 7. Nb3 Qc7 8. f3 Be6 9. Qd2 b5 10. g4 h6 11. 0-0-0 Nbd7 12. Kb1 Nb6 13. Qf2 Nfd7 14. Nd5 Bxd5 15. exd5 Nc4 16. Bc1 a5 17. Nd2 Ndb6 18. Ne4 a4 19. b3 axb3 20. cxb3 Na3+ 21. Bxa3 Rxa3 22. Bxb5+ Nd7 23. Ba4 Rxa4 24. bxa4 Be7 25. Qc2 Nc5 26. Nxc5 dxc5 27. Rhe1 0-0 28. Re4 Rb8+ 29. Ka1 Bf6 30. a3 c4 31. Rb1 Rc8 32. Rb4 Qd6 33. Rbxc4 Rd8 34. Qd3 Qb6 35. Ka2 Qf2+ 36. Rc2 Qb6 37. Rec4 Qb7 38. d6 e4 39. Qxe4 Qd7 40. Qd5 Re8 41. Rc7 Re1 42. Rxd7 1-0